Myšlením k algoritmům

Bibliographic Details
Main Author: Kukal, Jaromír, 1954- (Author)
Format: Book
Language:Czech
PhysicalDescription:131 strán ilustrácie 21 cm
Published: Praha Grada [1992]
ISBN:808542447
Edition:Vydání 1.
Series:Educa '99
Subjects:

MARC

LEADER 00000cam a2200000 4500
001 vtls001136938
003 SK-MaSNL
005 20260301111808.0
008 240313t1992 xr a g 00000 cze
020 |a 808542447  |q (brožované) 
035 |a SNK000079791 
040 |a SNK  |b slo  |c SNK  |e rda 
041 0 |a cze 
044 |a xr  |c CZ 
072 7 |a 51  |x Matematika  |2 konspekt 
072 7 |a 510  |x Všeobecné úvahy o matematike  |2 konspekt 
080 |a (035)  |2 2011 
080 |a 51  |2 2011 
080 |a 510.5  |2 2011 
080 |a 001.103  |2 2001 
100 1 |a Kukal, Jaromír,  |d 1954-  |4 aut  |9 117659 
245 1 0 |a Myšlením k algoritmům  |c Jaromír Kukal 
250 |a Vydání 1. 
264 1 |a Praha  |b Grada  |c [1992] 
264 4 |c ©1992 
300 |a 131 strán  |b ilustrácie  |c 21 cm 
336 |a text  |b txt  |2 rdacontent 
337 |a bez média  |b n  |2 rdamedia 
338 |a zväzok  |b nc  |2 rdacarrier 
490 1 |a Educa '99 
650 0 7 |a matematika  |2 SNKPH  |9 70174 
650 0 7 |a algoritmy  |2 SNKPH  |9 3655 
650 0 7 |a variácie  |2 SNKPH  |9 238521 
650 0 7 |a dátové súbory  |2 SNKPH  |9 1906 
650 0 7 |a Mathematics  |2 SNKPHeng  |9 265620 
655 7 |a príručky  |2 SNKPH  |9 74364 
655 7 |a Handbooks, manuals, etc  |2 SNKPHeng  |9 90964 
830 0 |a Educa '99  |9 451529 
919 |a 80-85424-47-9 
999 |c 708413  |d 710343 
952 |t P60, <04>, [BOOK], {604}  |a SNK  |b SNK  |y VYP  |7 0  |p 17A0017882  |o snkIC 122044  |0 0  |1 0  |4 0  |d 1996-11-06  |l 0  |r 2005-01-01 00:00:00  |w 2026-02-23